00465nam a2200157 i 450000100060000000300090000600700030001500800410001810000280005924500800008726000340016730000220020149000320022383000320025585200200028734396ES-MaACLt|030207s1923 sp ||||1| spa d1 aBlanco Suárez, Pedro.10aHistoria de la educación y de la pegadogia / cpor Pedro Blanco Suárez. aMadrid : bJ. Cosano, c1923. a278 p. ; c22 cm.1 aMuseo pedagógico nacional0 aMuseo pedagógico nacional aES-MaACLjB-949